000 00830nam a2200229 a 4500
001 000007197
005 20240304185510.0
008 090907s1986 dr r 000 0 spa d
040 _aDO-SdBNP
_bspa
_cBNPHU
082 _a342
_bS583i
100 1 _a Silié Gatón, José A.,
_d1920-2014
_9747
245 1 0 _aInstituciones de derecho público /
_cJosé A. Silié Gatón.
260 _aSanto Domingo :
_bONAP,
_c1986.
300 _a614 ;
_c21 cm.
490 1 _aEstudios jurídicos
_v35
504 _aBibliografía : P. 595-604
650 4 _aDerecho administrativo
_xRepública dominicana
_919971
650 4 _aAdministración pública
_xRepública dominicana
_919972
650 4 _aDerecho publico
_xRepública dominicana
_919973
650 4 _aFunción publica
_xRepública dominicana
_919974
830 0 _aEstudios jurídicos ;
_n35
_919975
999 _c6978
_d6978